Tytuły filmów/seriali po śląsku - Statystyki

Ogólne statystyki
  • Ten quiz został rozwiązany 578 razy
  • Średni wynik to 5 z 15
Statystyki odpowiedzi
Śląski Oryginał % Poprawnych
Chopy w Czornych Ancugach Faceci w czerni
76%
Kaj leziesz Quo Vadis
62%
Chop-luftmysza Batman
50%
Pitło z luftem Przeminęło z wiatrem
42%
Kosmiczno Haja Star Wars
34%
Lyjo fachman Leon Zawodowiec
31%
Jo żech to już kajś widzioł Deja Vu
28%
Ćmi sie Zmierzch
28%
Gryfno dziołcha Pretty Woman
24%
Gybis Szczęki
24%
Chop co mo 10 lot do Abrahama Czterdziestolatek
23%
Karlik, Ty pieronie! Och,Karol!
20%
Ło Pierona! Mamma Mia!
19%
Zolyty po ćmoku Randka w ciemno
17%
Szwagier, to je ciynżko sprawa Mission: Impossible
8%
Nie znaleziono quizów pasujących do podanych kryteriów
Rozkład punktacji
Procent ludzi z każdym wynikiem
Percentyl według liczby udzielonych odpowiedzi
Twoja historia wyników
Nie rozwiązałeś tego quizu